000 00361cam a2200133ua 4500
999 _c12203
_d12203
003 OSt
008 180829b ||||| |||| 00| 0 eng d
082 _a664.028
_bGIR/PR
100 _aGirdharilal, .
_93288
245 _aPreservation of fruit and vegitables
260 _anewdelhi
_bindian council of agricultural research
_c1959
300 _a358
942 _cBK